000 00479 a2200157 4500
999 _c2319
_d2319
020 _a0409107301
050 _aHF 5415.12 KOE 1987
100 _aKoekemoer, Ludi
245 _aMarketing Communications Management:
_bA South African Perspective/
264 _aSouth Africa:
_bButterworths,
_c1991
300 _a503p.:
_bill.
500 _aIncludes an index
650 _aMarketing
_xCommunication Management
700 _aKoekemoer, Ludi. etal.
942 _2lcc
_cBK
_h5415.12
_iKOE
_kHF